000 00559nam a22001817a 4500
999 _c14772
_d14772
003 AR-CdUCM
008 190422b ||||| |||| 00| 0 spa d
040 _aMUNICIPALIDAD PROVINCIAL DEL CUSCO
_cBIBLIOTECA MUNICIPAL DEL CUSCO
082 _aC / 985.61 /
_bS38
245 _aSemana del Cuzco :
_bprograma Inti Raymi de 1970 /
260 _aCuzco :
_bComisión municipal de festejos,
_c1970.
300 _a20 páginas ;
_c21 cm.
505 _aPrograma.
650 _aCusco.
_9772
650 _aInti Raymi.
_99522
942 _2ddc
_cPP
945 _awfj
_d2019-04-24